Information sources in architecture and construction. (Record no. 101201)
[ view plain ]
| 000 -LEADER | |
|---|---|
| fixed length control field | 00354cam a2200133 4500 |
| 008 - FIXED-LENGTH DATA ELEMENTS--GENERAL INFORMATION | |
| fixed length control field | 000000n2004 000 0 eng u |
| 020 ## - INTERNATIONAL STANDARD BOOK NUMBER | |
| International Standard Book Number | 0851424562 |
| 035 ## - SYSTEM CONTROL NUMBER | |
| System control number | (Sirsi) u111121 |
| 100 ## - MAIN ENTRY--PERSONAL NAME | |
| Personal name | Lawton, Patricia |
| 245 ## - TITLE STATEMENT | |
| Title | Information sources in architecture and construction. |
| 260 ## - PUBLICATION, DISTRIBUTION, ETC. | |
| Place of publication, distribution, etc. | Europa Publications |
| Date of publication, distribution, etc. | 2004 |
| 350 ## - PRICE (NR) (BK AM CF MU VM SE) [OBSOLETE] | |
| Price | 37.50 |
| 942 ## - ADDED ENTRY ELEMENTS (KOHA) | |
| Suppress in OPAC | 0 |
No items available.